000 00289nam a22001337a 4500
082 _a894.812
_bKAK/A
100 _aKARASSERY, M N
245 _aALOCHANA
250 _a1
260 _aTHRISSUR
_bCURRENT BOOKS
_c1995
300 _a120
650 _aMALAYALAM SHORT STORY
_zKERALA
942 _cBK
999 _c1343
_d1343